000 005890000a22001930004500
001 768714001
003 CO-MdFUSB
005 20170701144442.0
008 170701s19 a ||||| |||| 00| 0 s d
022 _a0326-7637
040 _aCO-MdFUSB
_bspa
_cCO-MdFUSB
_dCO-MdFUSB
041 _aspa
100 1 _aAndiñach, Pablo R.
_eautor
245 1 0 _aVida cristiana y espiritualidad
300 _aVolumen 17 (1998), Páginas 117-127
_c23 cm.
546 _aTexto en español
773 0 _tCuadernos de Teología
_049404
_959704
_gVolumen 17 (1998), Páginas 117-127
_q Página 117
942 _cANA
999 _c50026
_d50026